| 000 | 01020nas a2200337 4500 | ||
|---|---|---|---|
| 001 | BR2015001247 | ||
| 003 | BR-BrBNA | ||
| 005 | 20231205125145.0 | ||
| 007 | ta | ||
| 008 | 230509b bl.|||p| |||| 00| 00por d | ||
| 040 |
_aBR-BrBNA _bpor _cBiblioteca Nacional de Agricultura |
||
| 041 | _a(Pt) | ||
| 072 | _aL73; L50 | ||
| 100 | 1 | _aBlanco, R.D. | |
| 100 | 1 | _aPatarroyo, J.H. | |
| 100 | 1 | _aVargas, M.I. | |
| 100 | 1 | _aCardona, J.A. | |
| 100 | 1 | _aAraújo, L.S. | |
| 100 | 1 | _aGomez, V.E. | |
| 245 | 1 | _aOcorrência de anticorpos anti-Neospora spp. em jumentos (Equus asinus)no estado de Sucre-Colômbia | |
| 650 | _aJUMENTA | ||
| 650 | _aEQUS ASINUS | ||
| 650 | _aNEOSPOROSE | ||
| 650 | _aDOENÇA ANIMAL | ||
| 650 | _aBIOQUÍMICA ANIMAL | ||
| 650 | _aANTICORPO | ||
| 650 | _aINFECÇÃO | ||
| 773 | 0 |
_tArquivo Brasileiro de Medicina Veterinária e Zotecnia (Brazil) _xISSN 0102-0935 _g(Apr 2014), v. 66(2) p. 450-454 _wBR2015001247 |
|
| 909 |
_a202311 _bLúcia _c55 _dLúcia Elande |
||
| 942 |
_2AGRIS _n0 _cANA |
||
| 999 |
_c242942 _d242942 |
||